Assessing challenges on collective bargaining (Record no. 16478)
[ view plain ]
| 000 -LEADER | |
|---|---|
| fixed length control field | 00748cam a22002052 4500 |
| 001 - CONTROL NUMBER | |
| control field | 0000025015 |
| 003 - CONTROL NUMBER IDENTIFIER | |
| control field | OSt |
| 005 - DATE AND TIME OF LATEST TRANSACTION | |
| control field | 20170918090701.0 |
| 008 - FIXED-LENGTH DATA ELEMENTS--GENERAL INFORMATION | |
| fixed length control field | 140416s xx 000 0 eng d |
| 040 ## - CATALOGING SOURCE | |
| Original cataloging agency | KABU |
| Transcribing agency | KABU |
| 050 ## - LIBRARY OF CONGRESS CALL NUMBER | |
| Classification number | THE HD8793 |
| Item number | .M33 2015 |
| 100 1# - MAIN ENTRY--PERSONAL NAME | |
| Personal name | Mbaya, Angella |
| 245 13 - TITLE STATEMENT | |
| Title | Assessing challenges on collective bargaining |
| Remainder of title | the case of Kenya National Union of Teachers and Kenya Union of Post-primary Education Teachers / |
| Statement of responsibility, etc. | Angella Mbaya |
| 260 ## - PUBLICATION, DISTRIBUTION, ETC. (IMPRINT) | |
| Place of publication, distribution, etc. | Nakuru : |
| Name of publisher, distributor, etc. | Kabarak University, |
| Date of publication, distribution, etc. | 2015. |
| 300 ## - PHYSICAL DESCRIPTION | |
| Extent | ix, 67 leaves. |
| 502 ## - DISSERTATION NOTE | |
| Dissertation note | Thesis (MBA) - Kabarak University, 2015. |
| 650 #0 - SUBJECT ADDED ENTRY--TOPICAL TERM | |
| Topical term or geographic name as entry element | Collective bargaining |
| Geographic subdivision | Kenya |
| 650 #0 - SUBJECT ADDED ENTRY--TOPICAL TERM | |
| Topical term or geographic name as entry element | Labor unions |
| Geographic subdivision | Kenya |
| 942 ## - ADDED ENTRY ELEMENTS (KOHA) | |
| Source of classification or shelving scheme | Library of Congress Classification |
| Koha item type | Thesis, Dissertation and Projecs |
| Classification part | THE HD8793 |
| Item part | .M33 2015 |
| Call number prefix | THE |
| Withdrawn status | Lost status | Source of classification or shelving scheme | Not for loan | Home library | Current library | Date acquired | Total Checkouts | Full call number | Barcode | Date last seen | Copy number | Price effective from | Koha item type |
|---|---|---|---|---|---|---|---|---|---|---|---|---|---|
| Library of Congress Classification | Kabarak, Main Campus | Kabarak, Main Campus | 18/09/2017 | THE HD8793 .M33 2015 c.1 | 026280 | 18/09/2017 | c.1 | 18/09/2017 | Thesis, Dissertation and Projecs | ||||
| Library of Congress Classification | Kabarak, Main Campus | Kabarak, Main Campus | 18/09/2017 | THE HD8793 .M33 2015 c.2 | 026382 | 18/09/2017 | c.2 | 18/09/2017 | Thesis, Dissertation and Projecs | ||||
| Library of Congress Classification | Kabarak, Nakuru City Campus | Kabarak, Nakuru City Campus | 18/09/2017 | KTC THE HD8793 .M33 2015 c.1 | 026319 | 18/09/2017 | c.1 | 18/09/2017 | Thesis, Dissertation and Projecs |